LEADER 00851nam a2200217 i 4500 001 000000035725 003 CaOOAMICUS 005 20140527000000.0 008 140527s1990 it u000 u ita u 013 $a4273 040 $aSeMil$bita 100 1 $aDe Rosa, Michele <1940->.$0(OLS)http://semarc/name/4932 245 10$aTeologia protestante :$bmomenti e figure /$cMichele De Rosa. 260 $aSalerno :$bElea Press,$ccopyr. 1990. 300 $a257 p. ;$c24 cm. 650 4$aTeologia protestante - Storia.$0(OLS)http://semarc/subject/6497 850 $aSeMil 852 $aSeMil$W1$xVenegono$y1$m2K III 303$j1880$B1880$CSeMilBibl$Z2$F1880 $81 961 $aOmaggio: Scuola Cattolica 996 $6245$aTeologia protestante :$bmomenti e figure$9(OLS)http://semarc/title/49099 996 $6260$aSalerno :$bElea Press$9(OLS)http://semarc/publisher/32761 LEADER 01205nam a2200277 i 4500 001 000000119144 003 CaOOAMICUS 005 20031124000000.0 008 031124s2003 it u000 u ita u 013 $a91837 020 $a88-7357-314-2 040 $aSeMil$bita 100 1 $aTellechea Idígoras, José Ignacio <1929-2008>.$0(OLS)http://semarc/name/29056 240 10$aIgnacio de Loyola : la aventura de un cristiano.$0(OLS)http://semarc/title/175086 245 10$aIgnazio di Loyola :$bl'avventura di un cristiano /$cJosé Ignacio Tellechea Idígoras. 260 $aRoma :$bAdP,$c2003. 300 $a79 p. ;$c21 cm. 490 0 $aCompagni di strada ;$v1 600 04$aIgnazio : di Loyola .$0(OLS)http://semarc/subject/467 830 0$aCompagni di strada ;$v1.$0(OLS)http://semarc/title/13967 850 $aSeMil 852 $aSeMil$W1$xVenegono$y1$m191 7 1 *$j74386$B74386$CSeMilBibl$Z2$F77244 $81 961 $aAcquisto: Ŕncora (Libreria) 996 $6020$a88-7357-314-2$9(OLS)http://semarc/number/103944 996 $6245$aIgnazio di Loyola :$bl'avventura di un cristiano$9(OLS)http://semarc/title/175085 996 $6260$aRoma :$bAdP$9(OLS)http://semarc/publisher/32136